| 000 | 00978nam0a2200277 4500 | ||
|---|---|---|---|
| 001 | RU\NLR\bibl\995812 | ||
| 005 | 20260405114103.0 | ||
| 010 |
_a5-9900616-1-7 _91000 |
||
| 021 |
_aRU _b2006-53144 _92620 |
||
| 035 | _a(NLR Aleph) 000983577 | ||
| 090 |
_a474525 _c474525 |
||
| 100 | _a20061011d2006 |||y0rusy50 ca | ||
| 101 | 0 | _arus | |
| 102 | _aRU | ||
| 105 | _aa ||||||||| | ||
| 200 | 1 |
_aКосмическая медицина _fзаписано группой "Альпийские цветы" |
|
| 210 |
_aМосква _cЦДК "Гармония" _d2006 |
||
| 215 |
_a277 с., [7] л. цв. ил. _d24 |
||
| 606 | 1 |
_aМедитация _xЛечебное применение _91640539 _3RU\NLR\auth\66725455 |
|
| 686 | _aР358.9 | ||
| 700 | 0 |
_4070 _8rus _7ca _aАльпийские цветы _cпсевдоним _3RU\NLR\AUTH\7744674 _927614 |
|
| 801 | 0 |
_aRU _bNLR _c20061011 _grcr |
|
| 801 | 1 |
_aRU _bNLR _c20061011 |
|
| 942 | _cBOOK | ||
| 980 | _aNB | ||